Statistics for England Goalscorers 2019

Click here to take the quiz!

General Stats

  • This quiz has been taken 22 times
  • The average score is 5 of 10

Answer Stats

PlayerAppsGoals% Correct
Harry Kane1012
100%
Raheem Sterling98
88%
Marcus Rashford74
82%
Jadon Sancho82
65%
Tammy Abraham21
41%
Harry Winks31
35%
Mason Mount61
35%
Ross Barkley84
29%
Alex Oxlade-Chamberlain31
24%
Michael Keane51
12%

Score Distribution

Percentile by Number Answered

Percent of People with Each Score

Your Score History

You have not taken this quiz